| 000 | 00681nam a2200277Ia 4500 | ||
|---|---|---|---|
| 001 | 15426 | ||
| 005 | 20240113235624.0 | ||
| 007 | ta | ||
| 008 | 051207s1983 a g b000 u asm u | ||
| 040 | _aCotton College,Assam | ||
| 041 | _aasm | ||
| 082 |
_a598.2 _bC 35 C |
||
| 100 | _aChaliha, Dimbeswar . | ||
| 245 | 0 |
_aCharai / _cDimbeswar Chaliha. _hTextual Documents |
|
| 250 | _a2nd ed. / | ||
| 260 |
_aGuwahati : _bAssam Science Society , _c1983. |
||
| 300 |
_a115p. : _bill ; _c22cm . |
||
| 653 | _aZoology | ||
| 653 | _aBirds | ||
| 653 | _aG-Zoology | ||
| 942 |
_2ddc _cBK |
||
| 999 |
_c15412 _d15412 |
||